Understanding your health / (Record no. 12723)

000 -LEADER
fixed length control field 00568nam a2200229Ia 4500
020 ## - INTERNATIONAL STANDARD BOOK NUMBER
ISBN 0815167164
040 ## - CATALOGING SOURCE
Transcribing agency ZQP
082 ## - DEWEY DECIMAL CLASSIFICATION NUMBER
Classification number 613 MOS 1995 A028 Or.
100 1# - MAIN ENTRY--AUTHOR NAME
Personal name Payne, Wayne A
245 10 - TITLE STATEMENT
Title Understanding your health /
250 ## - EDITION STATEMENT
Edition statement 4th ed
260 ## - PUBLICATION, DISTRIBUTION, ETC. (IMPRINT)
Place of publication St. Louis :
Name of publisher Mosby Year Books,
Year of publication c1995
300 ## - PHYSICAL DESCRIPTION
Number of Pages xxix, 542, [76] p. :
Other physical details col. ill. ;
Dimensions 28 cm
650 #0 - SUBJECT ADDED ENTRY--TOPICAL TERM
Topical Term Health
650 #0 - SUBJECT ADDED ENTRY--TOPICAL TERM
Topical Term College students
650 #2 - SUBJECT ADDED ENTRY--TOPICAL TERM
Topical Term Health
650 #2 - SUBJECT ADDED ENTRY--TOPICAL TERM
Topical Term Disease
650 #2 - SUBJECT ADDED ENTRY--TOPICAL TERM
Topical Term Sex Behavior
650 #2 - SUBJECT ADDED ENTRY--TOPICAL TERM
Topical Term Consumer Participation
700 1# - ADDED ENTRY--PERSONAL NAME
Personal name Hahn, Dale B
942 ## - ADDED ENTRY ELEMENTS (KOHA)
Koha item type សៀវភៅភាសាអង់គ្លេស
952 ## - LOCATION AND ITEM INFORMATION (KOHA)
Withdrawn status [LOCAL, KOHA] 0
Holdings
Permanent Location Date acquired Koha item type Lost status Shelving location Barcode Current Location Full call number
Library Block A2017-08-16សៀវភៅភាសាអង់គ្លេស A028A16614Library Block A613 MOS 1995 A028 Or.
មជ្ឈមណ្ឌលឯការនៃសាកលវិទ្យាល័យភូមិន្ទកសិកម្មចំការដូង

Powered by Koha